[Event "VI Cup GM"]
[Site "Paks HUN"]
[Date "2001.08.22"]
[Round "5"]
[White "Rajlich,V"]
[Black "Flumbort,A"]
[Result "1/2-1/2"]
[WhiteElo "2330"]
[BlackElo "2372"]

1.e4 c5 2.Nf3 Nc6 3.d4 cxd4 4.Nxd4 Qc7 5.Nc3 e6 6.f4 Nxd4 7.Qxd4 a6 8.Be2 b5
9.Be3 Bb7 10.O-O-O Rc8 11.Rd2 Nf6 12.Bf3 Be7 13.g4 d5 14.exd5 b4 15.Na4 Bxd5
16.Bxd5 Nxd5 17.Nb6 Nxb6 18.Qxb6 Qc4 19.Qb7 O-O 20.b3 Rc7 21.Qg2 Qb5 22.Qe2 Qxe2
23.Rxe2 Rfc8 24.Rd1 h5 25.gxh5 Bc5 26.Bd4 Bxd4 27.Rxd4 a5 28.Rde4 Kh7 29.Re5 Ra8
30.Rb5 Rc3 31.Rg2 Rf3 32.Rg4 Rf2 33.Rb7 Rc8 34.c4 Rd8 35.Rxf7 Rf1+ 36.Kc2 Rf2+
37.Kc1 Rf1+  1/2-1/2

[Event "Rubinstein Open"]
[Site "Polanica Zdroj POL"]
[Date "2001.08.24"]
[Round "9"]
[White "Babaev,Ra"]
[Black "Stoma,P"]
[Result "1-0"]
[WhiteElo "2361"]
[BlackElo "2193"]

1.e4 c5 2.Nf3 Nc6 3.d4 cxd4 4.Nxd4 Qc7 5.Nc3 e6 6.f4 a6 7.Be2 d6 8.Be3 Nf6
9.O-O Be7 10.Kh1 O-O 11.a4 Na5 12.Qd3 Bd7 13.b4 Nc6 14.Nxc6 Bxc6 15.b5 Bd7
16.b6 Qc6 17.e5 Nd5 18.Nxd5 Qxd5 19.Qxd5 exd5 20.Bf3 Bc6  1-0

[Event "10th Open"]
[Site "Kavala GRE"]
[Date "2001.08.25"]
[Round "5"]
[White "Fakhiridou,E"]
[Black "Tsevremes,I"]
[Result "1-0"]
[WhiteElo "2273"]
[BlackElo "2102"]

1.e4 c5 2.Nf3 Nc6 3.d4 cxd4 4.Nxd4 Qc7 5.Nc3 e6 6.Be2 a6 7.O-O Nf6 8.Kh1 Nxd4
9.Qxd4 Bc5 10.Qd3 h5 11.f4 Ng4 12.Qg3 b5 13.Bd2 Bb7 14.Rae1 Qb6 15.Nd1 Bxe4
16.Bxg4 hxg4 17.Rxe4 O-O-O 18.b4 Bd4 19.Be3 Bxe3 20.Qxe3 Qb7 21.f5 g3 22.h3 g5
23.Kg1 Rh4 24.Rxh4 gxh4 25.Nc3 d5 26.fxe6 d4 27.Qd3 dxc3 28.Qxd8+ Kxd8 29.exf7  1-0

[Event "10th Open"]
[Site "Kavala GRE"]
[Date "2001.08.25"]
[Round "5"]
[White "Spasov,V"]
[Black "Petrov,M"]
[Result "1-0"]
[WhiteElo "2569"]
[BlackElo "2463"]

1.e4 c5 2.Nf3 Nc6 3.d4 cxd4 4.Nxd4 Qb6 5.Nb3 Nf6 6.Nc3 e6 7.Qe2 d6 8.g4 h6
9.f4 Be7 10.Be3 Qc7 11.O-O-O a6 12.Bg2 b5 13.h4 h5 14.gxh5 Nxh5 15.Qf2 Rb8
16.Bf3 Bd7 17.Kb1 a5 18.Rhg1 a4 19.Nd2 g6 20.f5 Ne5 21.fxg6 fxg6 22.Bxh5 Rxh5
23.Bg5 Qc5 24.Be3 Qc7 25.Nf3 b4 26.Nxe5 Rxe5 27.Rxg6 Bc6 28.Ba7 Kd7 29.Bxb8 Qxb8
30.Nxa4 Bxa4 31.Rg7 Rxe4 32.Rdg1 Bc6 33.Rxe7+ Kxe7 34.Rg7+ Kd8 35.Qf6+  1-0

[Event "Open"]
[Site "Lisbon POR"]
[Date "2001.08.25"]
[Round "5"]
[White "Gofshtein,Z"]
[Black "Lazarev,V"]
[Result "1/2-1/2"]
[WhiteElo "2518"]
[BlackElo "2459"]

1.e4 c5 2.Nf3 Nc6 3.d4 cxd4 4.Nxd4 Qc7 5.Nc3 e6 6.Be3 a6 7.Qd2 Nf6 8.f3 Ne5
9.Nb3 b5 10.Qd4 Nc6 11.Qd2 Ne5 12.Qf2 Nc4 13.Bxc4 Qxc4 14.O-O-O Qc7 15.Bb6 Qb8
16.Rhe1 Bb7 17.Na5 Bb4 18.Qd4 Bxa5 19.Bxa5 O-O 20.e5 Nd5 21.Ne4 Bc6 22.a3 Qa7
23.Qd2 f6 24.Ng3 Rac8 25.Kb1 Ba8 26.Nh5 fxe5 27.Rxe5 Rf7 28.Rde1 Qb8 29.Bb4 Nxb4
30.axb4 Qb6 31.b3 Bc6 32.Nf4 Ra8 33.Kb2  1/2-1/2

[Event "Open"]
[Site "Lisbon POR"]
[Date "2001.08.27"]
[Round "7"]
[White "Rivera,D"]
[Black "Magem Badals,J"]
[Result "1/2-1/2"]
[WhiteElo "2361"]
[BlackElo "2513"]

1.e4 c5 2.Nf3 Nc6 3.d4 cxd4 4.Nxd4 Qc7 5.Nc3 e6 6.g3 a6 7.Bg2 Nf6 8.O-O Bc5
9.Nxc6 dxc6 10.Na4 Ba7 11.c4 h5 12.c5 h4 13.Be3 hxg3 14.hxg3 e5 15.Nb6 Bxb6
16.cxb6 Qe7 17.Rc1 Bh3 18.Bc5 Qe6 19.Qd6 Bxg2 20.Kxg2 Qh3+ 21.Kf3 Qg4+ 22.Kg2 Qh3+
23.Kf3 Qg4+ 24.Kg2 Qh3+  1/2-1/2

[Event "10th Open"]
[Site "Kavala GRE"]
[Date "2001.08.28"]
[Round "8"]
[White "Markidis,K"]
[Black "Miladinovic,I"]
[Result "1-0"]
[WhiteElo "2342"]
[BlackElo "2496"]

1.e4 c5 2.Nf3 Nc6 3.d4 cxd4 4.Nxd4 Qc7 5.Nc3 e6 6.g3 a6 7.Bg2 h5 8.h3 Nf6
9.O-O Bc5 10.Nxc6 dxc6 11.e5 Qxe5 12.Bf4 Qd4 13.Qe2 Be7 14.Rad1 Qc5 15.Na4 Qa5
16.b3 Nd7 17.Nb2 Qf5 18.Nc4 e5 19.Nxe5 Nxe5 20.Bxe5 Qg6 21.Be4 Qh6 22.Bf4 Qf6
23.h4 Bg4 24.Bf3 Bxf3 25.Qxf3 O-O 26.Qxh5 g6 27.Qg4 Rfe8 28.Rd7 Qc3 29.h5 Qxc2
30.hxg6 Qxg6 31.Qxg6+ fxg6 32.Rxb7 Bf8 33.Be3 Re6 34.Rc7 a5 35.Rc1 Ra6 36.Rc4 Bb4
37.Rh4 Be7 38.Rc4 Kf8 39.Rc8+ Kf7 40.Kg2 Rf6 41.Rc7  1-0

[Event "VI Cup IM"]
[Site "Paks HUN"]
[Date "2001.08.28"]
[Round "11"]
[White "Toth,An1"]
[Black "Krutti,V"]
[Result "1-0"]
[WhiteElo "2382"]
[BlackElo "2385"]

1.e4 c5 2.Nf3 Nc6 3.d4 cxd4 4.Nxd4 Qc7 5.Nc3 e6 6.f4 a6 7.Nxc6 Qxc6 8.Bd3 b5
9.Qe2 Bb7 10.Bd2 d6 11.Nxb5 Nf6 12.Nc3 Be7 13.O-O O-O 14.Kh1 Nd7 15.Qh5 Bf6
16.Rae1 Rab8 17.Nd5 Bd8 18.Bc3 g6 19.Qh6 f6 20.Rf3 Rf7 21.Rh3 Nf8 22.Ne3 d5
23.exd5 exd5 24.Qh4 Re7 25.Bd4 f5 26.Nxf5 Rxe1+ 27.Qxe1 Bf6 28.Ne7+ Bxe7
29.Qxe7  1-0

[Event "10th Open"]
[Site "Kavala GRE"]
[Date "2001.08.29"]
[Round "9"]
[White "Spasov,V"]
[Black "Botsari,A"]
[Result "1-0"]
[WhiteElo "2569"]
[BlackElo "2315"]

1.e4 c5 2.Nf3 Nc6 3.d4 cxd4 4.Nxd4 Qc7 5.Nc3 e6 6.f4 a6 7.Nxc6 Qxc6 8.Bd3 b5
9.Qe2 Bb7 10.Bd2 Be7 11.a3 h5 12.O-O-O Nf6 13.Kb1 Rc8 14.Rhf1 Qc7 15.h3 h4
16.e5 Nh5 17.Be1 g6 18.Ne4 Bc6 19.Nd6+ Bxd6 20.exd6 Qxd6 21.Bxg6 Qxd1+ 22.Qxd1 fxg6
23.Qd3 Rh6 24.Bxh4 Bxg2 25.Rf2 Bd5 26.Bg5 Bc4 27.Qd6 Rh7 28.Qxa6 Rc5 29.Qa8+ Kf7
30.Qd8 Rd5 31.b3 Rd1+ 32.Kb2 Bf1 33.Be7  1-0

[Event "EYCC B16"]
[Site "Halkidiki GRE"]
[Date "2001.08.31"]
[Round "1"]
[White "Anisimov,P"]
[Black "Deva,C"]
[Result "1-0"]
[WhiteElo "2401"]
[BlackElo "2128"]

1.e4 c5 2.Nf3 Nc6 3.d4 cxd4 4.Nxd4 Qb6 5.Nb3 Nf6 6.Nc3 e6 7.Bd3 Be7 8.O-O d6
9.Be3 Qc7 10.f4 a6 11.Qf3 Rb8 12.a4 b6 13.g4 Nd7 14.Qe2 Nb4 15.Nd4 Nc5 16.Qd2 Nc6
17.Be2 O-O 18.Nxc6 Qxc6 19.Bf3 Qc7 20.g5 f5 21.exf5 Rxf5 22.b4 Nb7 23.Be4 Rf7
24.f5 d5 25.Nxd5 exd5 26.Bxd5 Kf8 27.Bxf7 Kxf7 28.Qd5+ Kf8 29.f6 Nd8 30.fxe7+ Kxe7
31.Bf4  1-0

[Event "EYCC B16"]
[Site "Halkidiki GRE"]
[Date "2001.09.03"]
[Round "4"]
[White "Nemeth,Mi"]
[Black "Grachev,B"]
[Result "1-0"]
[WhiteElo "2303"]
[BlackElo "2407"]

1.e4 c5 2.Nf3 Nc6 3.d4 cxd4 4.Nxd4 Qc7 5.Nc3 e6 6.Be3 Nf6 7.Be2 a6 8.O-O Be7
9.f4 d6 10.Qe1 O-O 11.Qg3 Nxd4 12.Bxd4 b5 13.e5 dxe5 14.Bxe5 Qb6+ 15.Kh1 Bb7
16.Bf3 Bxf3 17.Rxf3 Qc6 18.Re1 g6 19.Qh4 b4 20.Ne4 Qxe4 21.Rxe4 Nxe4 22.Qxh7+  1-0

[Event "TCh-YUG"]
[Site "Herceg Novi YUG"]
[Date "2001.09.04"]
[Round "2"]
[White "Kovacevic,A"]
[Black "Vojinovic,G"]
[Result "1-0"]
[WhiteElo "2545"]
[BlackElo "2463"]

1.e4 c5 2.Nf3 Nc6 3.d4 cxd4 4.Nxd4 Qc7 5.Nc3 e6 6.Be2 a6 7.O-O Bc5 8.Be3 Nce7
9.Qd3 Nf6 10.Nb3 Bxe3 11.Qxe3 d5 12.Bf3 dxe4 13.Nxe4 Ned5 14.Nxf6+ Nxf6 15.Rfd1 O-O
16.Qc5 Qxc5 17.Nxc5 Rb8 18.Rd6 b6 19.Na4 Nd7 20.b4 b5 21.Nc5 Nb6 22.Rad1 e5
23.c3 g6 24.h4 Kg7 25.h5 Nc4 26.Rc6 a5 27.Nd7 Bxd7 28.Rxd7 axb4 29.cxb4 Rbd8
30.Rxd8 Rxd8 31.a4 Nd6 32.a5 e4 33.Be2 Kf6 34.Bxb5 Ke5 35.Rb6 Rc8 36.Bc6 Nc4
37.Rb5+ Kd4 38.Bb7  1-0

[Event "TCh-YUG"]
[Site "Herceg Novi YUG"]
[Date "2001.09.05"]
[Round "3"]
[White "Vukovic,Zd"]
[Black "Djukic,Z YUG"]
[Result "0-1"]
[WhiteElo "2454"]
[BlackElo "2407"]

1.e4 c5 2.Nf3 Nc6 3.d4 cxd4 4.Nxd4 Qb6 5.Nb3 Nf6 6.Nc3 e6 7.Bd3 a6 8.Be3 Qc7
9.Na4 b5 10.Nb6 Rb8 11.Nxc8 Rxc8 12.a4 Be7 13.axb5 axb5 14.Nd4 Nxd4 15.Bxd4 Bc5
16.Bxf6 gxf6 17.O-O b4 18.Kh1 Ke7 19.f4 h5 20.Qf3 h4 21.Ra6 Bd4 22.e5 Bxb2
23.Rd6 fxe5 24.fxe5 Bxe5 25.Ra6 Rcf8 26.Qe3 Rfg8 27.Ra7 Qc6 28.Be4 Qd6 29.Qe2 Qc5
30.Rb7 Bc7 31.Qf3 f5 32.Bxf5 exf5 33.Rxc7 Qxc7 34.Qxf5 Qc3 35.Qe4+ Kd6 36.Qb7 Rg4
37.Rd1+ Rd4 38.Qb6+ Ke5 39.Rf1 Rf4 40.Qb5+ d5 41.Qe2+ Kf5 42.Re1 Qf6  0-1

[Event "IX Open"]
[Site "Albacete ESP"]
[Date "2001.09.06"]
[Round "9"]
[White "Delchev,A"]
[Black "Lazarev,V"]
[Result "1/2-1/2"]
[WhiteElo "2629"]
[BlackElo "2459"]

1.e4 c5 2.Nf3 Nc6 3.d4 cxd4 4.Nxd4 Qc7 5.Nc3 e6 6.Be2 a6 7.O-O b5 8.Nxc6 dxc6
9.a4 b4 10.Nb1 Nf6 11.Bd3 Bd6 12.f4 e5 13.f5 Bc5+ 14.Kh1 h5 15.Nd2 Ng4 16.Qe2 Qa7
17.a5 Nf2+ 18.Rxf2 Bxf2 19.Nf3 Bd4 20.Qe1 Qe7 21.Qg3 g6 22.Nxd4 exd4 23.fxg6 Rg8
24.e5 Be6 25.Bg5 Qc5 26.Qf4 fxg6  1/2-1/2

[Event "EYCC G18"]
[Site "Halkidiki GRE"]
[Date "2001.09.07"]
[Round "7"]
[White "Fliter,I"]
[Black "Djuric,Ve"]
[Result "1-0"]
[WhiteElo "2110"]
[BlackElo "2015"]

1.e4 c5 2.Nf3 Nc6 3.d4 cxd4 4.Nxd4 Qc7 5.Nb5 Qb8 6.Bd3 Nf6 7.Be3 e6 8.Nd2 d5
9.O-O a6 10.Nd4 Nxd4 11.Bxd4 e5 12.Be3 d4 13.Bg5 Be7 14.Bc4 O-O 15.Bxf6 Bxf6
16.Bd5 Bd7 17.Qf3 Bc6 18.Bxc6 bxc6 19.b3 Qd6 20.Nc4 Qe6 21.Qg3 g6 22.Rad1 Bg7
23.Rfe1 Rae8 24.Qd3 c5 25.Qd2 Qc6 26.Qa5 f5 27.f3 Re6 28.Re2 Bf6 29.Qe1 f4
30.Red2 Bd8 31.Rd3 Rf7 32.c3 Qb5 33.cxd4 cxd4 34.Qd2 Rc6 35.Qe1 Rfc7 36.a4 Qc5
37.Qa5 Rb7 38.Qxd8+ Kg7 39.Qd5 Re7 40.Qxc5 Rxc5 41.Nxe5 Rexe5 42.Rxd4 Rc3
43.R4d3 Rc2 44.Rd5 Re6 45.Rd6 Re8 46.Rxa6 Rb8 47.Rd7+ Kh6 48.h4 Rxb3 49.Raa7 g5
50.Rd6+  1-0

[Event "TCh-CRO Women"]
[Site "Pula CRO"]
[Date "2001.09.10"]
[Round "1"]
[White "Bazaj Bockai,S"]
[Black "Grabics,M"]
[Result "0-1"]
[WhiteElo "2154"]
[BlackElo "2295"]

1.e4 c5 2.Nf3 Nc6 3.d4 cxd4 4.Nxd4 Qb6 5.Nb5 a6 6.Be3 Qa5+ 7.N5c3 e6 8.Be2 b5
9.Nd2 Nf6 10.O-O Be7 11.f4 b4 12.Nc4 Qc7 13.e5 bxc3 14.exf6 cxb2 15.fxe7 bxa1=Q
16.Qxa1 Nxe7 17.Qxg7 Rg8 18.Qxh7 Bb7 19.Rf2 Qc6 20.Bf1 Rf8 21.Qd3 d5 22.Ne5 Qc7
23.c4 Rc8 24.Rb2 f6 25.Bb6 Qb8 26.cxd5 fxe5 27.d6 Nd5 28.Qg6+ Kd7 29.fxe5 Nxb6
30.Rxb6 Rxf1+ 31.Kxf1 Bxg2+ 32.Kxg2 Qxb6 33.Qh7+ Kc6 34.Qe4+ Kd7 35.Qh7+ Kc6
36.Qe4+ Kb5 37.Qd3+ Ka4 38.d7 Qb2+  0-1

[Event "President's Cup"]
[Site "Abudhabi UAE"]
[Date "2001.09.14"]
[Round "3"]
[White "Mohd,A"]
[Black "Tayeb,S"]
[Result "0-1"]
[WhiteElo "2117"]
[BlackElo "2221"]

1.e4 c5 2.Nf3 Nc6 3.d4 cxd4 4.Nxd4 Qb6 5.Nb3 Nf6 6.Bd3 d6 7.c4 Bg4 8.f3 Be6
9.Nc3 Ne5 10.Nd5 Nxd5 11.cxd5 Bd7 12.Be2 Rc8 13.Qd4 Qxd4 14.Nxd4 g6 15.O-O Bg7
16.Be3 Nc4 17.Bf2 Bh6 18.Bxc4 Rxc4 19.b3 Rc7 20.a4 a6 21.Rfe1 O-O 22.Bh4 Re8
23.Ra2 Bg7 24.Bf2 Rec8 25.Kf1 Rc3 26.Rb1 Rd3 27.Ne2 b5 28.a5 b4 29.Nf4 Bb5
30.Kg1 Rdc3 31.Ne2 Bd3 32.Nxc3 Bxb1 33.Nxb1 Rc1+ 34.Be1 Rxe1+ 35.Kf2 Rxb1
36.Rc2 Bc3 37.f4 Rxb3  0-1

[Event "6th ECCW"]
[Site "Belgrade YUG"]
[Date "2001.09.16"]
[Round "1"]
[White "Sudakova,I"]
[Black "Djuric,Ve"]
[Result "1-0"]
[WhiteElo "2319"]
[BlackElo "2015"]

1.e4 c5 2.Nf3 Nc6 3.d4 cxd4 4.Nxd4 Qc7 5.Nc3 e6 6.Be3 a6 7.Qd2 Nf6 8.f3 b5
9.Nxc6 dxc6 10.g4 Be7 11.O-O-O O-O 12.g5 Rd8 13.Qf2 Rxd1+ 14.Nxd1 Ne8 15.h4 e5
16.h5 Be6 17.Kb1 Rd8 18.Be2 c5 19.g6 Bf8 20.Bc1 Qa5 21.b3 c4 22.Qh2 Ba3 23.Bxa3 Qxa3
24.Qxe5 Qa5 25.Nc3 Nf6 26.gxh7+ Kxh7 27.h6 Rg8 28.hxg7+ Kxg7 29.Qg5+ Kf8
30.Qxf6 b4 31.Nd5 Bxd5 32.exd5 c3 33.d6 Qb6 34.Qe7+ Kg7 35.Bc4  1-0

[Event "TCh-CRO Women"]
[Site "Pula CRO"]
[Date "2001.09.18"]
[Round "9"]
[White "Grabics,M"]
[Black "Cosma,E"]
[Result "0-1"]
[WhiteElo "2295"]
[BlackElo "2352"]

1.e4 c5 2.Nf3 Nc6 3.d4 cxd4 4.Nxd4 Qc7 5.Nc3 e6 6.f4 Nxd4 7.Qxd4 a6 8.Be3 b5
9.Be2 Bb7 10.Bf3 Rc8 11.O-O h5 12.Rad1 Nf6 13.h3 h4 14.Rf2 Be7 15.Rfd2 O-O
16.e5 Bxf3 17.gxf3 Nh5 18.Ne4 f5 19.Nd6 Bxd6 20.exd6 Qb7 21.Kf2 Rf6 22.Rg1 Ng3
23.Qe5 Rg6 24.Bc5 a5 25.a3 b4 26.axb4 axb4 27.c3 bxc3 28.Qxc3 Qb5 29.Rc1 Nh5
30.Qc4 Qb7 31.b4 Rg3 32.Rd3 Rxh3 33.Rg1 Rh2+ 34.Rg2 Rxc5 35.Qxc5 Rxg2+ 36.Kxg2 Nxf4+
37.Kh2 Nxd3 38.Qc7 Qxb4 39.Qxd7 Qf4+ 40.Kh1 Qxf3+  0-1

[Event "6th ECCW"]
[Site "Belgrade YUG"]
[Date "2001.09.19"]
[Round "4"]
[White "Zarkovic,D"]
[Black "Djuric,Ve"]
[Result "0-1"]
[WhiteElo "2085"]
[BlackElo "2015"]

1.e4 c5 2.Nf3 Nc6 3.d4 cxd4 4.Nxd4 Qc7 5.Nc3 e6 6.Be2 a6 7.O-O Nf6 8.Kh1 h5
9.f4 Nxd4 10.Qxd4 b5 11.e5 Bc5 12.Qd3 Ng4 13.Bf3 Rb8 14.Ne4 Bb7 15.Nd6+ Bxd6
16.exd6 Qc5 17.Bxg4 hxg4 18.f5 Rh3 19.b4 Qb6  0-1

[Event "ch-HUN Women"]
[Site "Budapest HUN"]
[Date "2001.09.23"]
[Round "3"]
[White "Adam,O"]
[Black "Grabics,M"]
[Result "0-1"]
[WhiteElo "2156"]
[BlackElo "2295"]

1.e4 c5 2.Nf3 Nc6 3.d4 cxd4 4.Nxd4 Qb6 5.Nb3 Nf6 6.Nc3 e6 7.Be3 Qc7 8.a3 a6
9.Be2 b5 10.f4 d6 11.O-O Bb7 12.Bf3 Be7 13.Qe1 O-O 14.Qg3 b4 15.axb4 Nxb4
16.Rf2 Rac8 17.f5 e5 18.Bh6 Ne8 19.f6 Bxf6 20.Bg4 Qd8 21.Rxf6 Qxf6 22.Bxc8 Bxc8
23.Bg5 Qe6 24.Qf2 f6 25.Be3 f5 26.Rf1 f4 27.g3 Nxc2 28.Qxc2 fxe3 29.Rxf8+ Kxf8
30.Nd5 Nf6 31.Qd3 Nxd5 32.exd5 Qh6 33.Nc1 a5 34.Qc3 Bh3 35.Qxa5 Qf6 36.Qe1 Qf3
37.Qe2 Qxd5 38.Nd3 Kg8 39.b4 h6 40.b5 Qd4 41.Kh1 Bg4 42.Qa2+ d5 43.Ne1 Qd2
44.Qa1 Bf5 45.Ng2 Be4 46.Qg1 e2  0-1

[Event "ch-HUN Women"]
[Site "Budapest HUN"]
[Date "2001.09.26"]
[Round "6"]
[White "Gara,T"]
[Black "Horvath,Ju"]
[Result "1/2-1/2"]
[WhiteElo "2381"]
[BlackElo "2294"]

1.e4 c5 2.Nf3 Nc6 3.d4 cxd4 4.Nxd4 Qc7 5.Nb5 Qb8 6.Bd3 a6 7.N5c3 e6 8.O-O Nf6
9.Be3 b5 10.f4 d6 11.Qf3 Bb7 12.Nd2 Qc7 13.Rae1 h5 14.Kh1 Be7 15.Bg1 h4 16.h3 Nh5
17.Bf2 Bf6 18.Qg4 Ng3+ 19.Bxg3 hxg3 20.Nf3 b4 21.Nd1 Nd4 22.Nxd4 Bxd4 23.Qxg3 Bf6
24.Re2 Rd8 25.c3 bxc3 26.Nxc3 Qa5 27.Bc2 Kf8 28.e5 Be7 29.f5 exf5 30.Rxf5 dxe5
31.Rexe5 Qb6 32.Be4 Bxe4 33.Rxe4 Qxb2 34.Rf1 Bf6 35.Ne2 Qxa2 36.Qc7 Qb2 37.Ng3 Qb8
38.Qc5+ Qd6 39.Qe3 Qd2 40.Qa3+ Qd6 41.Qf3 Qd3 42.Re3 Qd5 43.Ne4 Rh6 44.Ree1 Kg8
45.Qg4  1/2-1/2

[Event "ch-HUN Women"]
[Site "Budapest HUN"]
[Date "2001.09.29"]
[Round "9"]
[White "Adam,O"]
[Black "Horvath,Ju"]
[Result "0-1"]
[WhiteElo "2156"]
[BlackElo "2294"]

1.e4 c5 2.Nf3 Nc6 3.d4 cxd4 4.Nxd4 Qc7 5.Be3 a6 6.Be2 e6 7.O-O Nf6 8.Nc3 Be7
9.Kh1 O-O 10.f4 d6 11.Qe1 Nxd4 12.Bxd4 b5 13.a3 Bb7 14.Qg3 Bc6 15.Rae1 Qb7
16.Bd3 a5 17.e5 Nh5 18.Qg4 g6 19.Rf2 Rad8 20.f5 exf5 21.Bxf5 dxe5 22.Rxe5 Bf6
23.Bd3 Qd7 24.Qxd7 Rxd7 25.Rxf6 Nxf6 26.Bxb5 Bxg2+ 27.Kxg2 Rxd4 28.Bd3 Rb8
29.b3 Rc8 30.Nb5 Rd5 31.Re2 Rcc5 32.a4 Re5 33.Rf2 Ng4 34.Rf4 Ne3+ 35.Kg3 Nxc2
36.Bc4 Rg5+ 37.Kh3 Rh5+ 38.Kg3 Rcg5+ 39.Kf3 Rh3+ 40.Ke2 Rg2+ 41.Rf2 Rxf2+
42.Kxf2 Rxh2+ 43.Kf3 Rd2 44.Ke4 h5 45.Ke5 Kg7 46.Nd6 Ne3 47.Nb7 Nxc4+ 48.bxc4 h4
49.Nc5 h3 50.Ne4 Re2  0-1

[Event "TCh-BUL"]
[Site "Pamporovo BUL"]
[Date "2001.10.03"]
[Round "1"]
[White "Pavlovski,T"]
[Black "Lukov,V"]
[Result "0-1"]
[WhiteElo "2164"]
[BlackElo "2469"]

1.e4 c5 2.Nf3 Nc6 3.d4 cxd4 4.Nxd4 Qc7 5.g3 Qe5 6.Nb5 Qxe4+ 7.Qe2 Qxe2+ 8.Bxe2 Kd8
9.Be3 Nf6 10.N1c3 d6 11.O-O-O g6 12.h3 h5 13.f4 Be6 14.Bf3 Kd7 15.Na4 Bg7
16.Nc5+ Kc8 17.Nxe6 fxe6 18.Nd4 Kd7 19.Rhe1 Ne8 20.Be4 Nc7 21.Bxg6 Nxd4 22.Bxd4 Bxd4
23.Rxd4 Rag8 24.f5 exf5 25.Bxf5+ e6 26.Be4 Rxg3 27.Bxb7 Rxh3 28.Rg1 d5 29.Ra4 h4
30.c4 Rg3 31.Rxg3 hxg3 32.cxd5 exd5 33.Rg4 Rh1+ 34.Kc2 Rh2+ 35.Kc3 g2 36.Kd4 Rh4  0-1

[Event "TCh-RUS Siberian Zone"]
[Site "Omsk RUS"]
[Date "2001.10.05"]
[Round "1"]
[White "Purtov,A"]
[Black "Sherbakov,R"]
[Result "1/2-1/2"]
[WhiteElo "2427"]
[BlackElo "2539"]

1.e4 c5 2.Nf3 Nc6 3.d4 cxd4 4.Nxd4 Qb6 5.Nb3 Nf6 6.Nc3 e6 7.Bd3 Be7 8.O-O a6
9.Be3 Qc7 10.f4 d6 11.Qf3 O-O 12.Rae1 Nb4 13.Nd4 Re8 14.a3 Nxd3 15.cxd3 b5
16.Rc1 Qb7 17.f5 e5 18.Nb3 a5 19.g4 b4 20.axb4 axb4 21.Ne2 h6 22.h4 Nh7 23.Qg3 f6
24.Qe1 Bd7 25.Ng3 Ba4 26.Nd2 d5 27.Rf3 Bb5 28.Bf2 Ra2 29.b3 Rd8 30.Ndf1 d4
31.Nd2 Rb2 32.Ra1 Ra8 33.Nc4 Bxc4 34.dxc4 Ra3 35.Rb1 Rc2 36.Qd1 Rc3 37.Be1 Rxf3
38.Qxf3 Ra2 39.Qd3 Qa6 40.Ne2 Nf8 41.Nc1 Ra1 42.Bd2 Rxb1 43.Qxb1 Qa8 44.Na2 d3
45.Bxb4 Qxe4 46.Qd1 Qd4+ 47.Kf1 Bxb4 48.Nxb4 e4 49.Qd2 Nd7 50.Nd5 Nc5 51.Qc3 Nxb3
52.Qxb3 e3 53.Nxf6+ gxf6 54.c5+ Kf8 55.Qb8+ Ke7 56.Qb7+ Ke8 57.Qa8+ Qd8 58.Qe4+ Kf7
59.Qxe3 d2 60.Qb3+ Kg7 61.Ke2 Qe7+ 62.Qe6 Qxc5 63.Qd7+ Kf8 64.Qxd2 Qc4+ 65.Kf3 Qc6+
66.Kg3 Qc7+ 67.Kf3 Qc6+ 68.Kf2 Kg7 69.Qd4 Qc2+ 70.Kf3 Qb3+ 71.Qe3 Qb7+ 72.Kg3 Qc7+
73.Kh3 Qb7 74.g5 hxg5 75.hxg5 fxg5 76.Qxg5+ Kf7 77.Qg6+ Kf8 78.Qf6+ Kg8 79.Qd8+ Kf7  1/2-1/2

[Event "3rd Golden Autumn"]
[Site "Alushta UKR"]
[Date "2001.10.07"]
[Round "?"]
[White "Yagupov,I"]
[Black "Rogovski,V"]
[Result "1-0"]
[WhiteElo "2442"]
[BlackElo "2443"]

1.e4 c5 2.Nf3 Nc6 3.d4 cxd4 4.Nxd4 Qb6 5.Nb3 e6 6.Nc3 Nf6 7.Qe2 Qc7 8.g4 h6
9.Bg2 a6 10.f4 d6 11.a4 b6 12.Be3 Bb7 13.O-O-O Nb4 14.Rd4 d5 15.exd5 Nbxd5
16.Nxd5 Nxd5 17.Bxd5 Bxd5 18.Rxd5 exd5 19.Bxb6+ Qe7 20.Qd2 Qd6 21.Re1+ Kd7
22.a5 Qc6 23.Qd3 g6 24.Re5 Be7 25.Rxd5+ Ke8 26.Qe4  1-0

[Event "4th Golden Autumn"]
[Site "Alushta UKR"]
[Date "2001.10.20"]
[Round "?"]
[White "Sikula,V"]
[Black "Arzumanian,G"]
[Result "1/2-1/2"]
[WhiteElo "2422"]
[BlackElo "2421"]

1.e4 c5 2.Nf3 Nc6 3.d4 cxd4 4.Nxd4 Qb6 5.Nb3 Nf6 6.Nc3 e6 7.Bd3 a6 8.O-O Be7
9.Be3 Qc7 10.f4 d6 11.Qf3 O-O 12.Rae1 b5 13.a3 Bb7 14.Qh3 b4 15.Ne2 bxa3
16.bxa3 a5 17.Nbd4 Nxd4 18.Nxd4 e5 19.Nf5 Bc8 20.Nxe7+ Qxe7 21.Qh4 Re8 22.fxe5 Qxe5
23.Qf4 Bb7 24.Qxe5 Rxe5 25.Bd4 Re6 26.e5 dxe5 27.Rxe5 Rxe5 28.Bxe5 Be4 29.Bxf6 Bxd3
30.cxd3 gxf6 31.Rxf6 Rd8 32.Rf5 Rxd3 33.Rxa5 h6 34.Ra4 Kh7 35.g4 Kg7 36.h4 Rh3
37.h5 Rg3+ 38.Kf2 Rb3 39.Ke2 Rc3 40.Kd2 Rb3 41.Kc2 Rg3 42.Kb2 Rg2+ 43.Kc3 Rg3+
44.Kd2 Rb3 45.Ke2 Rc3 46.Kf2 Rb3 47.Ra8 Rc3 48.a4 Rc4 49.Kf3 Rb4 50.a5 Rb5
51.Ke4 Rg5 52.Kf4 Rb5 53.a6 Rb6 54.Ke5 Rc6 55.Kd5 Rb6 56.Kc4 Re6 57.Kb5 Re5+
58.Kc6 Re6+ 59.Kc7 Re7+ 60.Kd6 Re6+ 61.Kd7 Rb6 62.Kc7 Re6 63.a7 Re7+ 64.Kd6 Re6+
65.Kc7 Re7+ 66.Kb6 Re6+ 67.Kb5 Re5+ 68.Kb4 Re4+ 69.Kc5 Re5+ 70.Kd4 Ra5  1/2-1/2

[Event "Panormo Open"]
[Site "Crete GRE"]
[Date "2001.10.21"]
[Round "2"]
[White "Schumi,M"]
[Black "Petrov,M"]
[Result "0-1"]
[WhiteElo "2240"]
[BlackElo "2451"]

1.e4 c5 2.Nf3 Nc6 3.d4 cxd4 4.Nxd4 Qb6 5.Nb3 Nf6 6.Nc3 e6 7.Qe2 d6 8.g4 h6
9.Bg2 a6 10.Be3 Qc7 11.f4 b5 12.e5 dxe5 13.fxe5 Nd7 14.O-O-O Bb7 15.Bf4 Rc8
16.Kb1 Nb4 17.Bxb7 Qxb7 18.Qd2 Nb6 19.Qd4 Be7 20.Rhe1 O-O 21.g5 Rfd8 22.Qf2 Rxd1+
23.Rxd1 hxg5 24.Bc1 Na4 25.Rf1 f5 26.exf6 Bxf6 27.a3 Nxc3+ 28.bxc3 Nd5 29.Bb2 Nxc3+
30.Bxc3 Rxc3 31.Qe2 Qd5 32.Qh5 Rxb3+ 33.cxb3 Qd3+  0-1

[Event "WYG18"]
[Site "Oropesa del Mar ESP"]
[Date "2001.10.24"]
[Round "4"]
[White "Zhao Dindin"]
[Black "Helm,L"]
[Result "0-1"]
[WhiteElo "2220"]
[BlackElo "2138"]

1.e4 c5 2.Nf3 Nc6 3.d4 cxd4 4.Nxd4 Qc7 5.Nc3 e6 6.g3 a6 7.Bg2 Nf6 8.Nb3 d6
9.O-O Be7 10.a4 b6 11.f4 Bb7 12.Qe2 O-O 13.Be3 Rab8 14.Kh1 Na5 15.Rad1 Nc4
16.Bc1 Ba8 17.g4 Rfe8 18.g5 Nd7 19.Rd3 Bf8 20.Rh3 g6 21.Qf2 Bg7 22.Qh4 Nf8
23.Nd1 b5 24.axb5 Rxb5 25.Nf2 Nb6 26.Ng4 Qxc2 27.f5 exf5 28.Nf6+ Bxf6 29.gxf6 Bxe4
30.Rg3 Rxb3  0-1

[Event "WYG16"]
[Site "Oropesa del Mar ESP"]
[Date "2001.10.26"]
[Round "6"]
[White "Lujan,C"]
[Black "Paridar,S"]
[Result "1/2-1/2"]
[WhiteElo "2271"]
[BlackElo "2071"]

1.e4 c5 2.Nf3 Nc6 3.d4 cxd4 4.Nxd4 Qc7 5.Nc3 e6 6.Be2 a6 7.O-O Nf6 8.a3 Nxd4
9.Qxd4 Bc5 10.Qd3 b5 11.Be3 Bb7 12.Rad1 Bxe3 13.Qxe3 O-O 14.Bf3 d6 15.Qf4 Rfd8
16.Rd3 Rac8 17.Rfd1 Ne8 18.Qh4 Rd7 19.R1d2 Qd8 20.Qh3 Rc5 21.g3 Qc7 22.Qf1 Rd8
23.Bg2 a5 24.Qd1 Rc8 25.Re3 Qc6 26.Rd4 Qc7 27.Rd2 b4 28.axb4 axb4 29.Na2 Rxc2
30.Rxc2 Qxc2 31.Qxc2 Rxc2 32.Rb3 Ba6 33.Bf1 Bxf1 34.Kxf1 Nc7 35.Rxb4 Kf8
36.Nc3 Ke7 37.Rb7 Kd8 38.Rb6 Kd7  1/2-1/2

[Event "WYB18"]
[Site "Oropesa del Mar ESP"]
[Date "2001.10.26"]
[Round "6"]
[White "Himanshu,S"]
[Black "Stojanovic,Da"]
[Result "1/2-1/2"]
[WhiteElo "2189"]
[BlackElo "2378"]

1.e4 c5 2.Nf3 Nc6 3.d4 cxd4 4.Nxd4 Qc7 5.Nc3 e6 6.Be2 a6 7.O-O Nf6 8.Be3 Bb4
9.Na4 Be7 10.Nxc6 bxc6 11.Nb6 Rb8 12.Nxc8 Qxc8 13.e5 Nd5 14.Bc1 Bc5 15.c4 Ne7
16.b3 Qc7 17.Bb2 Ng6 18.Qd3 O-O 19.Qe4 f5 20.exf6 gxf6 21.Rad1 Rbd8 22.Kh1 f5
23.Qd3 Qf4 24.Bc1 Qh4 25.f4 Rf7 26.Rf3 Be7 27.Qe3 Qh6 28.c5 Qf8 29.Ba3 Bf6
30.Rg3 Rg7 31.Bb4 a5 32.Bxa5 Ra8 33.b4 Kh8 34.Bh5 Qe7 35.Bxg6 hxg6 36.a3 g5
37.Bc7 gxf4 38.Rh3+ Kg8 39.Qxf4 Qf7 40.Rg3 Qh5 41.Rxd7 Rxa3 42.Rgxg7+ Bxg7
43.Be5 Bf8 44.Bb2 Rb3 45.Qc4 Qe8 46.Qxb3 Qxd7 47.h3 Bh6 48.Be5 Kf7 49.Qf3 Kg6
50.b5 cxb5 51.c6 Qd2 52.Qc3 Qxc3 53.Bxc3 Bf4 54.Ba5 b4 55.c7 Bxc7 56.Bxc7 b3
57.Be5 f4 58.Kg1 Kf5 59.Bb2 e5 60.Kf2 e4 61.Bc1 Ke5 62.g4 fxg3+ 63.Kxg3 Kf5
64.Kf2 Kg6 65.Bb2 Kh5 66.Bf6 e3+  1/2-1/2

[Event "Open"]
[Site "Le Touquet FRA"]
[Date "2001.10.27"]
[Round "?"]
[White "Bernard,Ja"]
[Black "Payen,A"]
[Result "0-1"]
[WhiteElo "2220"]
[BlackElo "2401"]

1.e4 c5 2.Nf3 Nc6 3.d4 cxd4 4.Nxd4 Qb6 5.Nb3 Nf6 6.Nc3 e6 7.Be3 Qc7 8.Bd3 Bb4
9.O-O Bxc3 10.bxc3 d5 11.exd5 Nxd5 12.Bc5 b6 13.Ba3 Bb7 14.c4 Nf4 15.Be4 Rd8
16.Qe1 Nd4 17.Nxd4 Rxd4 18.Bxb7 Qxb7 19.f3 Rxc4 20.Rd1 f6 21.Rd6 O-O 22.Qd2 Qa6
23.Bb4 Qb5 24.c3 a5 25.Ba3 Qa4 26.Bc1 e5 27.Rxb6 Rxc3 28.Rb2 Qc4 29.g3 Nd3
30.Rb1 Rc8 31.Bb2 Rc2  0-1

[Event "Chigorin Mem Open"]
[Site "St Petersburg RUS"]
[Date "2001.10.27"]
[Round "2"]
[White "Kashtanov,R"]
[Black "Fominyh,A"]
[Result "1/2-1/2"]
[WhiteElo "2403"]
[BlackElo "2550"]

1.e4 c5 2.Nf3 Nc6 3.d4 cxd4 4.Nxd4 Qb6 5.Nb3 Nf6 6.Nc3 e6 7.Bd3 Be7 8.O-O O-O
9.Be3 Qc7 10.f4 a6 11.Na4 b5 12.Nb6 Rb8 13.Nxc8 Qxc8 14.g4 d5 15.e5 Ne4 16.c3 f5
17.exf6 gxf6 18.Kh1 Kh8 19.Qf3 Rg8  1/2-1/2